[Event "Lone Pine op"]
[Site "Lone Pine"]
[Date "1981.??.??"]
[Round "?"]
[White "Wells, Ian Duncan"]
[Black "Benjamin, Joel"]
[Result "0-1"]
[WhiteElo "2325"]
[BlackElo "2400"]

1.e4 c6 2.d4 d5 3.exd5 cxd5 4.Bd3 Nc6 5.c3 g6 6.Bf4 Nf6 7.Nd2 Bf5 8.Bxf5 gxf5
9.Qb3 Qd7 10.O-O-O Rg8 11.Ngf3 Rxg2 12.Bg3 f4 13.Nh4 fxg3 14.Nxg2 gxf2 15.Kb1 Bh6
16.Nf1 Qf5+ 17.Ka1 O-O-O 18.Ng3 Qh3 19.Qc2 Qxg2 20.Qf5+ Kb8 21.Rdf1 Be3 22.b4 Ne4
23.b5 e6 24.Qh5 Nxd4 25.Qe5+ Ka8 26.cxd4 f6 27.Qc7 Bxd4+ 28.Kb1 Nd2+ 29.Kc1 Bb6
30.Qf4 Nxf1 31.Rxf1 Qxh2 32.Kb1 Rc8 33.a4 Bc7  0-1

[Event "Wch U20"]
[Site "Copenhagen"]
[Date "1982.??.??"]
[Round "2"]
[White "Saeed, Nasser A"]
[Black "Benjamin, Joel"]
[Result "0-1"]
[WhiteElo "2295"]
[BlackElo "2475"]

1.e4 c5 2.Nf3 e6 3.d4 cxd4 4.Nxd4 Nc6 5.Nxc6 bxc6 6.Bd3 Nf6 7.O-O d5 8.exd5 cxd5
9.c4 Bb7 10.Nc3 d4 11.Qa4+ Nd7 12.Ne4 Qc7 13.c5 e5 14.Bd2 Bc6 15.Qc2 Be7
16.b4 Rb8 17.Ng3 g6 18.f4 f5 19.fxe5 Nxe5 20.Bf4 O-O 21.Bxe5 Qxe5 22.Rae1 Qc7
23.Qc4+ Kh8 24.Qxd4+ Bf6 25.Qf4 Qxf4 26.Rxf4 Rfd8 27.Re6 Bg5 28.Rf1 Bd5 29.Re2 Rxb4
30.Rb1 Rxb1+ 31.Bxb1 Bc4 32.Re1 Bd2 33.Re7 Bb4 34.Ne4 fxe4  0-1

[Event "Wch U20"]
[Site "Copenhagen"]
[Date "1982.??.??"]
[Round "3"]
[White "Benjamin, Joel"]
[Black "Milos, Gilberto"]
[Result "1-0"]
[WhiteElo "2475"]
[BlackElo "2395"]

1.d4 d5 2.c4 c6 3.Nf3 Nf6 4.Nc3 dxc4 5.a4 Bf5 6.Ne5 Nbd7 7.Nxc4 Qc7 8.g3 e5
9.dxe5 Nxe5 10.Bf4 Nfd7 11.Nxe5 Nxe5 12.Qd4 f6 13.a5 a6 14.Bg2 Be7 15.Ne4 O-O
16.O-O Rfe8 17.Qc3 Bf8 18.Rad1 Rad8 19.Nc5 Rxd1 20.Rxd1 Qf7 21.b4 Bc8 22.e4 Kh8
23.f3 g6 24.Be3 Bg7 25.f4 Ng4 26.Bc1 Nh6 27.Bb2 Qe7 28.Bf3 Nf7 29.h4 h6 30.Kg2 Rd8
31.Rd3 Rxd3 32.Qxd3 Qd6 33.Qc2 Kg8 34.Be2 Kf8 35.Ba3 Ke8 36.Bc4 Nd8 37.Bb2 Kf8
38.e5 Bf5 39.exd6 Bxc2 40.Nd7+ Ke8 41.Nxf6+ Bxf6 42.Bxf6 Bf5 43.Bxd8 Kxd8
44.Be2 Kd7 45.g4 Be6 46.Kf3 Kxd6 47.Bd3 Bf7 48.Ke4 Be6 49.g5 hxg5 50.hxg5 Bd7
51.Kd4 Be8 52.f5 gxf5 53.Bxf5 Bh5 54.g6 Ke7 55.Kc5 Kf6 56.Bc8 Bxg6 57.Bxb7 Ke7
58.Kxc6  1-0

[Event "Wch U20"]
[Site "Copenhagen"]
[Date "1982.??.??"]
[Round "5"]
[White "Benjamin, Joel"]
[Black "Conquest, Stuart"]
[Result "1/2-1/2"]
[WhiteElo "2475"]
[BlackElo "2275"]

1.c4 e5 2.Nc3 Nc6 3.Nf3 f5 4.d3 Nf6 5.g3 Bb4 6.Bg2 Bxc3+ 7.bxc3 O-O 8.O-O d6
9.Ne1 Qe8 10.f4 e4 11.Nc2 Bd7 12.Ne3 Qf7 13.Qd2 Rfe8 14.Bb2 Na5 15.Kh1 a6
16.Rac1 h5 17.h3 Be6 18.Kh2 b5 19.cxb5 axb5 20.c4 bxc4 21.Bxf6 Qxf6 22.dxe4 fxe4
23.Bxe4 c6 24.Bf3 Bf7 25.Nd1 d5 26.Nf2 Red8 27.g4 h4 28.g5 Qd6 29.Ng4 Bg6
30.Ne5 Bf5 31.Qe1 Nb7 32.Qxh4 g6 33.Bg4 Be4 34.Rfd1 Rf8 35.Rd2 Nd8 36.Qg3 Ra3
37.e3 c3 38.Rf2 c2 39.Nd7 d4 40.Rd2 d3 41.Nf6+ Rxf6 42.gxf6 Qxf6 43.Bf3 Bxf3
44.Qxf3 Nb7 45.Qe4 Nd6 46.Qxc6 Kh7 47.Qd5 Nf5 48.Rxd3 Nxe3 49.Qg5 Qxg5 50.Rd7+ Kh6  1/2-1/2

[Event "Wch U20"]
[Site "Copenhagen"]
[Date "1982.??.??"]
[Round "7"]
[White "Benjamin, Joel"]
[Black "Trifunov, Dimitar"]
[Result "1-0"]
[WhiteElo "2475"]
[BlackElo "2260"]

1.d4 Nf6 2.c4 e6 3.Nf3 b6 4.a3 Bb7 5.Nc3 d5 6.cxd5 Nxd5 7.e3 Nxc3 8.bxc3 Be7
9.Bb5+ c6 10.Bd3 O-O 11.Qc2 h6 12.O-O Ba6 13.Bxa6 Nxa6 14.Ne5 Qc8 15.e4 b5
16.Qe2 Bd6 17.f4 f5 18.Bd2 Bxe5 19.fxe5 Nc7 20.Rae1 fxe4 21.Qxe4 Qd7 22.Qg6 Kh8
23.Bxh6 gxh6 24.Qxh6+ Kg8 25.Rf6 Rf7 26.Rxf7 Qxf7 27.Re3 Ne8 28.Rh3 Qg7 29.Qxe6+  1-0

[Event "Wch U20"]
[Site "Copenhagen"]
[Date "1982.??.??"]
[Round "8"]
[White "Benjamin, Joel"]
[Black "Sokolov, Andrei"]
[Result "0-1"]
[WhiteElo "2475"]
[BlackElo "2435"]

1.d4 Nf6 2.c4 e6 3.Nf3 b6 4.a3 Bb7 5.Nc3 d5 6.cxd5 Nxd5 7.e3 Be7 8.Bb5+ c6
9.Bd3 Nxc3 10.bxc3 c5 11.O-O Nc6 12.Qe2 O-O 13.Bb2 Rc8 14.Rad1 cxd4 15.cxd4 Bf6
16.Nd2 g6 17.Ne4 Bg7 18.Bc3 Qe7 19.Qb2 Rfd8 20.Bb1 Na5 21.Bb4 Qc7 22.Rc1 Nc4
23.Qe2 a5 24.Bd6 Qc6 25.Be7 Rd7 26.Bf6 Qa4 27.Bxg7 Kxg7 28.h4 Bxe4 29.Bxe4 Rdc7
30.d5 Ne5 31.Rxc7 Rxc7 32.Bb1 Qxh4 33.Qb2 Qf6 34.Qxb6 Rc4 35.f3 exd5 36.Qxa5 Rc3
37.Qxd5 Rxe3 38.a4 Qf4 39.a5 Re2 40.a6 Qg3 41.f4 Ng4  0-1

[Event "Wch U20"]
[Site "Copenhagen"]
[Date "1982.??.??"]
[Round "9"]
[White "Barbulescu, Dan"]
[Black "Benjamin, Joel"]
[Result "0-1"]
[WhiteElo "2305"]
[BlackElo "2475"]

1.e4 c5 2.Nf3 e6 3.d4 cxd4 4.Nxd4 Nc6 5.Nb5 d6 6.c4 Nf6 7.N1c3 a6 8.Na3 Be7
9.Be2 O-O 10.O-O b6 11.Be3 Ne5 12.f3 Ned7 13.Qe1 Bb7 14.Qf2 Rc8 15.Rac1 Qc7
16.Rfd1 Rfe8 17.Kh1 Ba8 18.g4 h6 19.h4 Nh7 20.Bf4 Ne5 21.Nc2 Qb8 22.Ne3 Bc6
23.a4 Red8 24.Qh2 Nf8 25.c5 bxc5 26.Bxe5 dxe5 27.Bxa6 Rxd1+ 28.Rxd1 Rd8 29.h5 Rd4
30.Qe2 Bg5 31.Nc4 Bf4 32.Bb5 Ba8 33.Kg2 Nh7 34.Qc2 Qd8 35.Rh1 Ng5 36.Rd1 f5
37.gxf5 exf5 38.Rxd4 cxd4 39.Nd5 fxe4 40.fxe4 Bxd5 41.exd5 Qxd5+ 42.Kf2 Qf3+
43.Ke1 Qh1+  0-1

[Event "Wch U20"]
[Site "Copenhagen"]
[Date "1982.??.??"]
[Round "10"]
[White "Benjamin, Joel"]
[Black "Hjartarson, Johann"]
[Result "1/2-1/2"]
[WhiteElo "2475"]
[BlackElo "2400"]

1.d4 Nf6 2.c4 e6 3.Nf3 d5 4.Nc3 Be7 5.Bg5 h6 6.Bxf6 Bxf6 7.e3 O-O 8.Qd2 Nc6
9.cxd5 exd5 10.Be2 Ne7 11.b4 Bf5 12.O-O c6 13.Rfc1 a6 14.a4 Qd6 15.Nd1 Rfc8
16.Nb2 a5 17.bxa5 c5 18.dxc5 Rxc5 19.Nd4 Rcxa5 20.Nxf5  1/2-1/2

[Event "Wch U20"]
[Site "Copenhagen"]
[Date "1982.??.??"]
[Round "11"]
[White "Greenfeld, Alon"]
[Black "Benjamin, Joel"]
[Result "0-1"]
[WhiteElo "2385"]
[BlackElo "2475"]

1.Nf3 b5 2.e4 Bb7 3.Bxb5 Bxe4 4.O-O Nf6 5.d4 e6 6.Nc3 Bb7 7.Qe2 Be7 8.Re1 O-O
9.Bd3 d6 10.Ng5 Nbd7 11.Bf4 c5 12.Nb5 Qb6 13.Rad1 a6 14.dxc5 Qc6 15.Be4 Nxe4
16.Nd4 Nc3 17.Qg4 Qxg2+ 18.Qxg2 Bxg2 19.bxc3 Bd5 20.cxd6 Bxg5 21.Bxg5 f6
22.Bh4 Kf7 23.Nf5 Bxa2 24.Ra1 Bc4 25.Ne7 e5 26.Bg3 g5 27.h4 g4 28.Re3 Rfb8
29.Ra4 Be6 30.f4 gxf3 31.Rxf3 Rb6 32.Nf5 Bxf5 33.Rxf5 Rxd6 34.Ra5 Ke6 35.Rf3 Rc8
36.Rd3 Rxd3 37.cxd3 Rxc3 38.Rxa6+ Kf5  0-1

[Event "Wch U20"]
[Site "Copenhagen"]
[Date "1982.??.??"]
[Round "13"]
[White "Benjamin, Joel"]
[Black "Stohl, Igor"]
[Result "0-1"]
[WhiteElo "2475"]
[BlackElo "2305"]

1.e4 c5 2.Nf3 d6 3.d4 cxd4 4.Nxd4 Nf6 5.Nc3 e6 6.f4 a6 7.Qf3 Qc7 8.Be3 b5
9.Bd3 Nbd7 10.g4 b4 11.Nce2 Nc5 12.g5 Nfd7 13.h4 Bb7 14.h5 h6 15.g6 f5 16.Qh3 Nf6
17.exf5 e5 18.Nb3 Nxd3+ 19.cxd3 Bxh1 20.Qxh1 Rc8 21.fxe5 dxe5 22.d4 e4 23.Rc1 Qd7
24.Rxc8+ Qxc8 25.Qh2 Ng4 26.Qf4 Nxe3 27.Qxe4+ Kd8 28.Qxe3 Qxf5 29.d5 Bd6
30.Qb6+ Ke7 31.Qa7+ Kf6 32.Qd4+ Kg5 33.Qxg7 Re8 34.Qd4 Kxh5 35.g7 Qe5 36.Qd3 Qg3+
37.Kd2 Qxd3+ 38.Kxd3 Be5 39.Nc5 Bxg7 40.Nxa6 Bxb2 41.Nf4+ Kg4 42.Ne6 Be5
43.Nxb4 h5 44.Ke4 Bd6 45.Nc2 Bf4 46.Kd3 h4 47.Ke2 h3 48.Kf2 Rb8  0-1

[Event "WchT U26"]
[Site "Chicago"]
[Date "1983.??.??"]
[Round "?"]
[White "Benjamin, Joel"]
[Black "Lobron, Eric"]
[Result "0-1"]
[WhiteElo "2475"]
[BlackElo "2515"]

1.d4 Nf6 2.c4 e6 3.Nf3 c5 4.d5 exd5 5.cxd5 d6 6.Nc3 g6 7.Nd2 Nbd7 8.e4 Bg7
9.Be2 O-O 10.O-O Re8 11.Re1 Ne5 12.Nf1 a6 13.a4 Rb8 14.h3 h6 15.Ng3 g5 16.Be3 g4
17.h4 Nh7 18.h5 Qh4 19.Qd2 Bf6 20.Bxh6 Kh8 21.Nd1 Rg8 22.Ra3 Bg5 23.Bxg5 Rxg5
24.Qf4 f5 25.Nxf5 Bxf5 26.Rh3 gxh3 27.Qxh4 Rxg2+ 28.Kf1 Rbg8 29.f3 Rg1+ 30.Kf2 R8g2+
31.Ke3 h2 32.Qd8+ Kg7 33.Qe7+ Kg8 34.Qd8+ Nf8 35.Qh4 Rxe1 36.Qxe1  0-1

[Event "WchT U26"]
[Site "Chicago"]
[Date "1983.??.??"]
[Round "?"]
[White "Zapata, Alonso"]
[Black "Benjamin, Joel"]
[Result "1-0"]
[WhiteElo "2425"]
[BlackElo "2475"]

1.e4 e6 2.d4 d5 3.Nd2 c5 4.exd5 exd5 5.Ngf3 Nf6 6.Bb5+ Bd7 7.Qe2+ Be7 8.dxc5 O-O
9.Nb3 Re8 10.Be3 a6 11.Bd3 Ba4 12.Nfd4 Nbd7 13.O-O-O Bxb3 14.Nxb3 Nxc5 15.Qf3 Qc7
16.Qg3 Bd6 17.Qh4 Nfe4 18.Kb1 Rac8 19.Nxc5 Bxc5 20.Bxc5 Qxc5 21.f3 Nf6 22.g4 Qb4
23.c4 h6 24.Rhg1 dxc4 25.g5 hxg5 26.Rxg5 Qf8 27.Bf5 Rc5 28.Rdg1 c3 29.bxc3 Rxc3
30.Rxg7+ Qxg7 31.Rxg7+ Kxg7 32.Qg5+ Kf8 33.Qxf6 Rxf3 34.Qh6+ Ke7 35.Qh4+ Kd6
36.Qd4+  1-0

[Event "WchT U26"]
[Site "Chicago"]
[Date "1983.??.??"]
[Round "?"]
[White "Jussupow, Artur"]
[Black "Benjamin, Joel"]
[Result "1/2-1/2"]
[WhiteElo "2565"]
[BlackElo "2475"]

1.d4 Nf6 2.Nf3 e6 3.e3 b6 4.Bd3 Bb7 5.Nbd2 c5 6.O-O cxd4 7.exd4 Nc6 8.a3 Be7
9.b3 O-O 10.Bb2 Rc8 11.Qe2 Nd5 12.g3 Nf6 13.Rae1 d5 14.h3 Re8 15.Ng5 Bf8
16.f4 g6 17.g4 Bg7 18.Ndf3 Ne4 19.Nxe4 dxe4 20.Qxe4 Nxd4 21.Qxb7 Rc7 22.Qe4 Nxf3+
23.Qxf3 Bxb2 24.a4 Bg7  1/2-1/2

[Event "WchT U26"]
[Site "Chicago"]
[Date "1983.??.??"]
[Round "?"]
[White "Benjamin, Joel"]
[Black "Paolozzi, Marcos"]
[Result "1/2-1/2"]
[WhiteElo "2475"]
[BlackElo "2375"]

1.d4 Nf6 2.c4 d6 3.Nc3 Nbd7 4.Nf3 e5 5.Bg5 Be7 6.e3 c6 7.Qc2 h6 8.Bxf6 Bxf6
9.O-O-O exd4 10.exd4 O-O 11.g4 Re8 12.Bd3 Nf8 13.h3 Be6 14.Kb1 a6 15.Ne2 b5
16.Nf4 g6 17.Rhe1 Qb6 18.Nxe6 Nxe6 19.Bxg6 bxc4 20.Qxc4 d5 21.Qc2 Nxd4 22.Bxf7+ Kxf7
23.Qh7+ Kf8 24.Nh4 Bxh4 25.Qxh6+ Kg8 26.Qg6+ Kf8  1/2-1/2

[Event "London m2"]
[Site "London"]
[Date "1983.??.??"]
[Round "?"]
[White "Short, Nigel D"]
[Black "Benjamin, Joel"]
[Result "0-1"]
[WhiteElo "2510"]
[BlackElo "2475"]

1.e4 c5 2.Nf3 e6 3.d4 cxd4 4.Nxd4 a6 5.Nc3 d6 6.g3 Nf6 7.Bg2 Be7 8.a4 Qc7
9.a5 O-O 10.O-O Nc6 11.Nb3 Bd7 12.Be3 Nb4 13.f4 Bc6 14.Rf2 d5 15.e5 Ne4 16.Nxe4 dxe4
17.Bb6 Qc8 18.Qe2 Nd5 19.Bxe4 Nxb6 20.axb6 Bd8 21.Rf3 Bxb6+ 22.Kg2 Rd8 23.Rc3 Bxe4+
24.Qxe4 Qd7 25.Rd3 Qc7 26.Rxd8+ Rxd8 27.Re1 g6 28.g4 a5 29.Re2 Rd1 30.Nd2 Qd7
31.Nf3 a4 32.h4 Qb5 33.c4 Qc6 34.Qxc6 bxc6 35.Kg3 Rc1 36.h5 gxh5 37.gxh5 h6
38.Nh2 Bd4 39.Ng4 Rb1 40.Nf6+ Kf8 41.Rd2 c5 42.Nd7+ Ke8 43.Nb6 a3  0-1

[Event "London m2"]
[Site "London"]
[Date "1983.??.??"]
[Round "?"]
[White "Short, Nigel D"]
[Black "Benjamin, Joel"]
[Result "1/2-1/2"]
[WhiteElo "2510"]
[BlackElo "2475"]

1.e4 c5 2.Nf3 e6 3.d4 cxd4 4.Nxd4 Nf6 5.Nc3 d6 6.g4 h6 7.Bg2 a6 8.h4 g6 9.g5 Nh5
10.Be3 Nc6 11.Nxc6 bxc6 12.Qd2 hxg5 13.hxg5 e5 14.O-O-O Rg8 15.Kb1 Be7 16.Ne2 Bg4
17.f3 Be6 18.f4 Bg4 19.fxe5 dxe5 20.Qc3 Qc7 21.Bh3 Bxh3 22.Rxh3 Ng7 23.Ng1 Ne6
24.Nf3 Bd6 25.Bb6 Qxb6 26.Rxd6 Rd8 27.Rxd8+ Qxd8 28.Qxc6+ Kf8 29.Rh1 Nxg5
30.Nxe5 Kg7 31.Nd3 Qf6 32.Qxf6+ Kxf6 33.e5+ Kf5 34.Rf1+ Ke4 35.Rf4+ Ke3 36.b4 Ne6
37.Rxf7 g5 38.Nf2 g4 39.Nxg4+ Rxg4 40.a3 Nd4 41.Kb2 Rg2 42.Rc7 Ke4 43.Rc5 Ne6
44.Rc6 Nd4 45.Rc5  1/2-1/2

[Event "London m2"]
[Site "London"]
[Date "1983.??.??"]
[Round "?"]
[White "Benjamin, Joel"]
[Black "Short, Nigel D"]
[Result "0-1"]
[WhiteElo "2475"]
[BlackElo "2510"]

1.e4 e5 2.Nf3 Nc6 3.Bb5 a6 4.Ba4 Nf6 5.O-O Be7 6.Re1 b5 7.Bb3 d6 8.c3 O-O
9.d4 Bg4 10.d5 Na5 11.Bc2 c6 12.h3 Bxf3 13.Qxf3 cxd5 14.exd5 Nc4 15.a4 g6
16.Bd3 Qd7 17.Qe2 Qb7 18.Rd1 Nb6 19.axb5 axb5 20.Na3 b4 21.cxb4 Rfb8 22.b5 Nbxd5
23.Bg5 Nc7 24.Rac1 Nfd5 25.Bh6 Nb4 26.Bc4 Re8 27.Bxf7+ Kxf7 28.Qc4+ Ncd5
29.Qb3 g5 30.h4 Kg6 31.hxg5 Nf4 32.Rc6 Nxc6 33.Qc2+ Kf7 34.bxc6 Qb4 35.Qxh7+ Ke6
36.g6 d5 37.Qf7+ Kd6 38.Bxf4 Qb3 39.Re1 exf4 40.g7 Bh4 41.Qxf4+ Kc5 42.Rc1+ Kb6
43.Qxh4 Ra4 44.Qh6 Ka5 45.c7 Qxb2 46.c8=Q Rxc8 47.Rxc8 Rxa3 48.Ra8+ Kb5 49.Rb8+  0-1

[Event "London m2"]
[Site "London"]
[Date "1983.??.??"]
[Round "?"]
[White "Benjamin, Joel"]
[Black "Short, Nigel D"]
[Result "1-0"]
[WhiteElo "2475"]
[BlackElo "2510"]

1.d4 Nf6 2.c4 e6 3.Nf3 c5 4.d5 exd5 5.cxd5 d6 6.Nc3 g6 7.Nd2 Nbd7 8.e4 Bg7
9.Be2 O-O 10.O-O Re8 11.a4 Ne5 12.Qc2 g5 13.Re1 g4 14.Nf1 Nh5 15.Bd2 Qf6
16.Ng3 Nf4 17.Nf5 Nxe2+ 18.Nxe2 Bxf5 19.exf5 Qh4 20.Ng3 c4 21.Bc3 Rac8 22.Re4 a6
23.f6 Qxf6 24.Rxg4 Nxg4 25.Bxf6 Nxf6 26.Nf5 Bf8 27.Qd2 Kh8 28.f4 Kg8 29.Ra3 h6
30.Rg3+ Kh7 31.Qd4 Nh5 32.Rh3 Kg6 33.Rxh5 Kxh5 34.Qf6 Kg4 35.Kf2 Kxf4 36.Ng3+  1-0

[Event "Marshall CC-ch"]
[Site "New York"]
[Date "1983.??.??"]
[Round "1"]
[White "Barth, Jeremy"]
[Black "Benjamin, Joel"]
[Result "1/2-1/2"]
[WhiteElo "2345"]
[BlackElo "2575"]

1.e4 e5 2.Nf3 Nc6 3.Bb5 a6 4.Ba4 Nf6 5.O-O Be7 6.Bxc6 dxc6 7.Qe2 Nd7 8.b3 O-O
9.Bb2 Bf6 10.Na3 Re8 11.Nc4 g6 12.Ne1 b6 13.Nd3 Bb7 14.Qg4 Qe7 15.f4 exf4
16.Qxf4 Bxb2 17.Ndxb2 Nc5 18.Rae1 Rad8 19.d3 Ne6 20.Qf2 Ng7 21.Nd2 Rf8 22.Nf3 Rde8
23.Nc4 Qd8 24.Qd2 f6 25.Qh6 Qd7 26.Re2 Ne6 27.Ref2 c5 28.Ne3 Qg7 29.Qxg7+ Kxg7
30.Nd2 Nd4 31.Ndc4 Ba8 32.c3 Nb5 33.a4 Nxc3 34.Rc1 Nxe4 35.dxe4 Rxe4 36.Nf1 Rd8
37.Ng3 Re6 38.Rfc2 f5 39.Kf2 f4 40.Nf1 g5 41.Rd2 Rxd2+ 42.Ncxd2 Kf6 43.g3 Kf5
44.gxf4 gxf4 45.Rc3 Rd6 46.Rh3 h6 47.Rh5+ Kg6 48.Re5 Bd5 49.Re7 Rc6 50.Nc4 Kf6
51.Re8 b5 52.axb5 axb5 53.Ncd2 Ra6 54.Re1 Ra2 55.Rc1 c4 56.bxc4 bxc4 57.Ke1 Ra4
58.Nb1 Ra1 59.Kd2 Be4 60.Nc3 Rxc1 61.Kxc1 Ke5 62.Nd2 Ba8 63.Kd1 Kd4 64.Ne2+  1/2-1/2

[Event "Marshall CC-ch"]
[Site "New York"]
[Date "1983.??.??"]
[Round "2"]
[White "Benjamin, Joel"]
[Black "Gebran, N."]
[Result "1-0"]
[WhiteElo "2575"]
[BlackElo "1965"]

1.d4 Nf6 2.c4 g6 3.Nc3 d5 4.Nf3 Bg7 5.cxd5 Nxd5 6.Qb3 Nxc3 7.bxc3 O-O 8.e3 b6
9.Be2 Bb7 10.O-O Nd7 11.Rd1 e6 12.a4 Qc8 13.Bb2 Ba6 14.Bxa6 Qxa6 15.Qb5 Qxb5
16.axb5 a5 17.bxa6 Ra7 18.Ra4 Rfa8 19.Rda1 Nb8 20.Kf1 Rxa6 21.Rxa6 Rxa6 22.Rxa6 Nxa6
23.Ke2 Kf8 24.Kd3 Ke8 25.Kc4 h6 26.Kb5 Nb8 27.c4 Kd7 28.Ba3 Nc6 29.Nd2 Nd8
30.d5 exd5 31.cxd5 Be5 32.f4 Bd6 33.Bxd6 Kxd6 34.e4 c6+ 35.dxc6 Nxc6 36.Nc4+ Kc7
37.Nxb6 Nd4+ 38.Kc4 Ne6 39.Nd5+ Kd7 40.Kd3 Nc5+ 41.Kd4 Ne6+ 42.Ke5 Nc5 43.f5 gxf5
44.exf5 Ke8 45.f6 Kf8 46.Ne7 Nd7+ 47.Kf5 Nc5 48.g4 Ne6 49.h4 Nd4+ 50.Ke4 Ne6
51.Ke5 Nc5 52.h5 Nd7+ 53.Kf5 Ke8 54.Ng8  1-0

[Event "Marshall CC-ch"]
[Site "New York"]
[Date "1983.??.??"]
[Round "3"]
[White "Shipman, Walter"]
[Black "Benjamin, Joel"]
[Result "0-1"]
[WhiteElo "2395"]
[BlackElo "2575"]

1.d4 Nf6 2.g3 c5 3.d5 g6 4.Bg2 d6 5.Nc3 Bg7 6.e4 O-O 7.Nge2 Na6 8.O-O Nc7
9.a4 Rb8 10.Bf4 Ng4 11.h3 Ne5 12.Qc1 a6 13.Bh6 b5 14.Bxg7 Kxg7 15.f4 Nd7
16.a5 Bb7 17.Qd2 f5 18.exf5 gxf5 19.Nd1 Nf6 20.Ne3 Kh8 21.Rad1 Qe8 22.Rfe1 Qh5
23.b4 c4 24.Nc3 Rf7 25.Qf2 Rg8 26.Nf1 Bc8 27.Rd2 Rfg7 28.Rde2 Ne4 29.Nxe4 fxe4
30.Bxe4 Bxh3 31.Bf3 Qh6 32.Rxe7 Qxf4 33.Rxg7 Rxg7 34.Re4 Qf6 35.Ne3 Bd7 36.Bg2 Qxf2+
37.Kxf2 Rf7+ 38.Rf4 Rxf4+ 39.gxf4 Ne8 40.c3 Nf6 41.Bf3 Kg7 42.Nc2 Bg4 43.Bg2 h5
44.Kg3 Kf7 45.Ne3 Bc8 46.Kh4 Kg6 47.Bf3 Bf5 48.Kg3 Be4 49.Bxe4+ Nxe4+ 50.Kh4 Nxc3
51.f5+ Kh6 52.Kg3 Kg5 53.Kf3 Na2 54.Nxc4 bxc4 55.b5 Nb4 56.b6 Nd3 57.b7 Ne5+  0-1

[Event "Marshall CC-ch"]
[Site "New York"]
[Date "1983.??.??"]
[Round "6"]
[White "Benjamin, Joel"]
[Black "Ginsburg, Mark"]
[Result "1-0"]
[WhiteElo "2575"]
[BlackElo "2495"]

1.d4 Nf6 2.c4 d6 3.Nc3 e5 4.Nf3 e4 5.Ng5 Bf5 6.g4 Bxg4 7.Bg2 Nc6 8.Ngxe4 Be7
9.b3 Nxe4 10.Nxe4 O-O 11.Bb2 f5 12.Ng3 f4 13.Ne4 d5 14.cxd5 Nb4 15.d6 Bxd6
16.d5 Qe7 17.a3 Bf5 18.Nxd6 Nc2+ 19.Kf1 Qxd6 20.Rc1 f3 21.exf3 Qa6+ 22.Kg1 Rae8
23.Qd2 Qg6 24.h4 Bd3 25.h5 Qf5 26.Rh4 Re2 27.Qc3 Qf6 28.Qxf6 gxf6 29.Bf1 Re1
30.Rg4+ Kf7 31.Rxe1 Nxe1 32.Bxd3 Nxd3 33.Bc3 Rg8 34.Rxg8 Kxg8 35.Bd2 Kf7
36.Kf1 Nc5 37.b4 Nd7 38.Bf4 Nb6 39.Bxc7 Nxd5 40.Bb8 a6 41.Ke2 Ke6 42.Kd3 Ne7
43.Bg3 Nf5 44.Kc4 Kd7 45.Kd5 Ng7 46.h6 Nf5 47.Bf4 Ne7+ 48.Kc5 Ng6 49.Be3 Ne5
50.Bd4 Nf7 51.Be3 Ne5 52.Bd4 Nf7 53.Bxf6 Nxh6 54.Kd5 Nf7 55.f4 b5 56.Bh4 h5
57.f5 Nh6 58.Ke5 Ke8 59.Kf6 Nf7 60.Kg6 Ne5+ 61.Kg7 Nf7 62.Bg3 Nd8 63.f3 Nc6
64.f6 Nd8 65.Kg6 Kf8 66.Bc7 Nb7 67.f7  1-0

[Event "USA-ch"]
[Site "Berkeley"]
[Date "1984.??.??"]
[Round "1"]
[White "Browne, Walter S"]
[Black "Benjamin, Joel"]
[Result "1/2-1/2"]
[WhiteElo "2580"]
[BlackElo "2520"]

1.d4 Nf6 2.c4 e6 3.Nf3 b6 4.a3 Ba6 5.e3 d5 6.Nc3 Be7 7.Ne5 O-O 8.Be2 c6 9.O-O Nbd7
10.Nxd7 Nxd7 11.b3 Bd6 12.Bb2 f5 13.Rc1 Nf6 14.cxd5 Bxe2 15.Nxe2 Bxh2+ 16.Kxh2 Ng4+
17.Kg3 Qg5 18.f4 Qg6 19.Kf3 exd5 20.Rc3 Rae8 21.Ng3 h5 22.Rh1 Nh2+ 23.Kf2 Ng4+
24.Kf3 Nh2+  1/2-1/2

[Event "Berlin op"]
[Site "Berlin-West"]
[Date "1984.??.??"]
[Round "1"]
[White "Fette, Martin"]
[Black "Benjamin, Joel"]
[Result "0-1"]
[WhiteElo "2270"]
[BlackElo "2520"]

1.e4 e6 2.d4 d5 3.Nc3 Bb4 4.Ne2 Ne7 5.a3 Ba5 6.b4 Bb6 7.e5 Nf5 8.Na4 Nc6
9.c3 f6 10.b5 Na5 11.Nf4 O-O 12.Nxb6 cxb6 13.exf6 Qxf6 14.Be2 Bd7 15.O-O Rac8
16.Bd2 Nd6 17.a4 Ne4 18.g3 Nxd2 19.Qxd2 Nb3 20.Qe3 Nxa1 21.Rxa1 Rfe8 22.Bg4 Rc4
23.a5 Qd8 24.axb6 axb6 25.Re1 e5 26.Bxd7 Qxd7 27.Nd3 Rxc3 28.dxe5 Qxb5 29.Rd1 Qc4
30.e6 d4 31.Qe4 Rxe6 32.Ne5  0-1

[Event "Berlin op"]
[Site "Berlin-West"]
[Date "1984.??.??"]
[Round "3"]
[White "Benjamin, Joel"]
[Black "Renman, Nils Gustaf"]
[Result "0-1"]
[WhiteElo "2520"]
[BlackElo "2405"]

1.d4 e6 2.Nf3 Nf6 3.c4 Bb4+ 4.Bd2 a5 5.g3 b6 6.Bg2 Bb7 7.O-O Bxd2 8.Qxd2 d6
9.d5 e5 10.Nc3 Nbd7 11.Nh4 O-O 12.e4 Nc5 13.Qc2 c6 14.dxc6 Bxc6 15.Rad1 Qc7
16.Rd2 g6 17.Re1 Rad8 18.Qd1 Kg7 19.b3 Rfe8 20.Re3 Qb7 21.Nd5 Nxd5 22.cxd5 Bd7
23.f4 f6 24.Rf2 Rf8 25.Qd2 Qc7 26.Rc3 Rc8 27.Qe3 b5 28.Rcc2 b4 29.Nf3 Qb6
30.h4 Na4 31.Qxb6 Nxb6 32.fxe5 dxe5 33.Ne1 Rxc2 34.Rxc2 Rc8 35.Rxc8 Bxc8
36.Kf2 Kf7 37.Ke3 Ke7 38.Nf3 Kd6 39.Bf1 Bd7 40.Bd3 h6 41.Nd2 g5 42.Nf3 Nc8
43.Nd2 Nb6 44.Nf3 Bg4 45.Nd2 Kc5 46.Bc2 Bh5 47.Kd3 Bg6 48.Nc4 Nxd5 49.hxg5 hxg5
50.Nxa5 Nc3 51.Ke3 Nxa2 52.Nc4 Bf7 53.Nb2 Nc1 54.Nd3+ Nxd3 55.Kxd3 Be6 56.Bd1 f5
57.exf5 Bxf5+ 58.Ke3 Kd5 59.Bf3+ e4 60.Be2 Ke5 61.Bc4 Bd7 62.Be2 Be6 63.Bd1 Bf7
64.Bc2 Bd5 65.Bd1 Be6 66.Bc2 Bg4 67.Bxe4 Bd1 68.Bc6 Bxb3 69.Kd3 Bd5 70.Bd7 b3
71.Bg4 Bc4+ 72.Kc3 Be6 73.Bf3 Bd5 74.Bg4 Ke4 75.Bd7 Kf3 76.g4 Kf4 77.Bc8 Ke5  0-1

[Event "Berlin op"]
[Site "Berlin-West"]
[Date "1984.??.??"]
[Round "6"]
[White "Bilek, Istvan"]
[Black "Benjamin, Joel"]
[Result "1/2-1/2"]
[WhiteElo "2410"]
[BlackElo "2520"]

1.d4 Nf6 2.Nf3 c5 3.e3 g6 4.Be2 Bg7 5.O-O O-O 6.b3 cxd4 7.Nxd4 d5 8.Bb2 a6
9.c4 e5 10.Nf3 e4 11.Nfd2 Qc7 12.Qc2 Bf5 13.Rc1 Rc8 14.Nf1 dxc4 15.Ng3 Nc6
16.Qxc4 Qe7 17.Nxf5 gxf5 18.Nd2 f4 19.Qc5 Qxc5 20.Rxc5 fxe3 21.Rg5 exf2+
22.Kxf2 Ne8 23.Nxe4 Ne7  1/2-1/2

[Event "Dortmund"]
[Site "Dortmund"]
[Date "1985.??.??"]
[Round "4"]
[White "Benjamin, Joel"]
[Black "Kindermann, Stefan"]
[Result "1-0"]
[WhiteElo "2535"]
[BlackElo "2480"]

1.d4 Nf6 2.c4 g6 3.Nc3 Bg7 4.e4 d6 5.Be2 O-O 6.Bg5 c5 7.dxc5 dxc5 8.e5 Nfd7
9.f4 Nc6 10.Nf3 f6 11.exf6 Nxf6 12.O-O Bf5 13.Qe1 Nd4 14.Rd1 Qb6 15.b3 Rad8
16.Ne5 Qb4 17.Bd3 Rd6 18.Bxf5 Nxf5 19.Rxd6 exd6 20.Nd3 Qa5 21.Bxf6 Bxf6 22.Nd5 Bd4+
23.Kh1 Qxa2 24.g4 Nh4 25.Qxh4 Qxb3 26.Qh3 Qxc4 27.Qf3 a5 28.f5 a4 29.N3f4 a3
30.fxg6 hxg6 31.Ne7+ Kh7 32.g5 Qe6 33.Nxe6 Rxf3 34.Rxf3 a2 35.Rh3+  1-0

[Event "Dortmund"]
[Site "Dortmund"]
[Date "1985.??.??"]
[Round "5"]
[White "Bischoff, Klaus"]
[Black "Benjamin, Joel"]
[Result "1/2-1/2"]
[WhiteElo "2415"]
[BlackElo "2535"]

1.g3 d5 2.Bg2 c6 3.Nf3 Nf6 4.d3 Bf5 5.Nbd2 e6 6.O-O h6 7.b3 Be7 8.Bb2 O-O
9.c4 Bh7 10.Bh3 Nbd7 11.Nd4 Re8 12.Rc1 Bd6 13.cxd5 exd5 14.N2f3 a5 15.a3 Qe7
16.Ra1 Qf8 17.Re1 Ra6 18.Nf5 Bxf5 19.Bxf5 Rb6 20.Qc2 Ne5 21.Nd2  1/2-1/2

[Event "Dortmund"]
[Site "Dortmund"]
[Date "1985.??.??"]
[Round "6"]
[White "Benjamin, Joel"]
[Black "Hort, Vlastimil"]
[Result "1/2-1/2"]
[WhiteElo "2535"]
[BlackElo "2545"]

1.e4 c5 2.Nf3 e6 3.d4 cxd4 4.Nxd4 Nf6 5.Nc3 d6 6.g4 h6 7.g5 hxg5 8.Bxg5 Nc6
9.Nb3 Bd7 10.Qe2 Be7 11.Be3 Na5 12.O-O-O Nxb3+ 13.axb3 Qa5  1/2-1/2

[Event "Dortmund"]
[Site "Dortmund"]
[Date "1985.??.??"]
[Round "8"]
[White "Benjamin, Joel"]
[Black "Razuvaev, Yuri S"]
[Result "0-1"]
[WhiteElo "2535"]
[BlackElo "2520"]

1.d4 Nf6 2.c4 e6 3.Nf3 b6 4.a3 Bb7 5.Nc3 d5 6.cxd5 Nxd5 7.Qc2 Nxc3 8.Qxc3 Nd7
9.Bg5 Nf6 10.e4 c6 11.Bxf6 gxf6 12.d5 exd5 13.O-O-O Qd6 14.exd5 O-O-O 15.Bb5 c5
16.Kb1 Rg8 17.g3 Bxd5 18.Ka1 Bg7 19.Qc2 f5 20.Qxf5+ Qe6 21.Qf4 Bb7 22.Bd3 Bh6
23.Qf5 Qxf5 24.Bxf5+ Kc7 25.Rxd8 Rxd8 26.Bg4 f5 27.Bh5 Rd3 28.Ne5 Rxa3+ 29.bxa3 Bxh1
30.Nf3 Bg7+ 31.Kb1 Bf6 32.Kc2 b5 33.h4 h6 34.Kd3 a5 35.Ke2 a4 36.Bg6 Bb2
37.Bxf5 Bxa3  0-1

[Event "New York op"]
[Site "New York"]
[Date "1985.??.??"]
[Round "1"]
[White "Burger, Karl"]
[Black "Benjamin, Joel"]
[Result "0-1"]
[WhiteElo "2310"]
[BlackElo "2540"]

1.d4 Nf6 2.Nf3 c5 3.e3 g6 4.c3 cxd4 5.cxd4 Bg7 6.Nc3 O-O 7.Bd3 d6 8.h3 Nc6
9.O-O Nb4 10.Bb1 Be6 11.e4 Bc4 12.Re1 Nd7 13.a3 Nc6 14.b3 Ba6 15.Be3 Rc8
16.Qd2 Na5 17.Ba2 b6 18.Rac1 Bb7 19.Bh6 Nf6 20.Bxg7 Kxg7 21.d5 a6 22.Qd4 b5
23.a4 e5 24.dxe6 fxe6 25.Ng5 Re8 26.e5 dxe5 27.Qxe5 b4 28.Nce4 Rxc1 29.Rxc1 Nc6
30.Qxf6+ Qxf6 31.Nxf6 Kxf6 32.Nxh7+ Ke7 33.Bb1 Rc8 34.Bxg6 Nd4 35.Rxc8 Bxc8
36.h4 Nxb3 37.Kf1 Nc5 38.Ke2 Nxa4 39.h5 Nc3+ 40.Kd2 Bb7 41.f3 e5 42.h6 Bd5
43.Ng5 Kf6 44.h7 Kg7 45.Bd3 a5 46.Be4 Ba2 47.Bg6 a4 48.Bf7 Bb1 49.Bg8 a3
50.Kc1 Bf5 51.g4 Ne2+ 52.Kd2 Bxh7  0-1